[Event "BC-ch"]
[Site "Victoria CAN"]
[Date "2003.10.12"]
[Round "5"]
[White "Davies, Lucas"]
[Black "Stanford, Mike"]
[Result "0-1"]
[WhiteElo "2089"]
[BlackElo "2200"]
[PlyCount "98"]
[EventDate "2003.10.10"]
[EventType "swiss"]
[EventRounds "7"]
[EventCountry "CAN"]

1. e4 c5 2. Nc3 Nc6 3. g3 g6 4. Bg2 Bg7 5. d3 d6 6. Be3 e5 7. Qd2 Nge7 8. Bh6
Bxh6 9. Qxh6 Nd4 10. Qd2 Qa5 11. h3 O-O 12. Nge2 Be6 13. f4 f6 14. O-O Qb4 15.
Qc1 Kg7 16. g4 Bg8 17. h4 h6 18. Ng3 Rac8 19. Nd1 Qb6 20. c4 Qc6 21. Nc3 Qd7
22. Bh3 h5 23. f5 hxg4 24. Bxg4 gxf5 25. Nxf5+ Ndxf5 26. Bxf5 Nxf5 27. Rxf5 Be6
28. Rh5 Rh8 29. Rxh8 Rxh8 30. Qe1 Kf8 31. Qf2 Qg7+ 32. Kf1 Ke7 33. b4 b6 34.
bxc5 dxc5 35. Ke2 Qg4+ 36. Kd2 Qxh4 37. Qxh4 Rxh4 38. Nd5+ Bxd5 39. cxd5 f5 40.
Ke3 Rh3+ 41. Kd2 fxe4 42. dxe4 c4 43. Rc1 Rd3+ 44. Ke2 Rd4 45. Ke3 Kd6 46. Rc2
b5 47. Rb2 Kc5 48. Rc2 a5 49. Rd2 b4 0-1

[Event "BGC #21"]
[Site "Toronto CAN"]
[Date "2003.11.28"]
[Round "1"]
[White "Veltmann, Martin"]
[Black "Siddeley, Hugh"]
[Result "0-1"]
[WhiteElo "1980"]
[BlackElo "2061"]
[PlyCount "70"]
[EventDate "2003.11.28"]
[EventType "tourn"]
[EventRounds "7"]
[EventCountry "CAN"]

1. c4 Nf6 2. Nc3 e6 3. Nf3 b6 4. d4 Bb4 5. e3 Ne4 6. Qc2 Bb7 7. Bd3 f5 8. O-O
Bxc3 9. bxc3 O-O 10. Nd2 Qh4 11. f3 Nd6 12. Ba3 Na6 13. Rae1 c5 14. e4 g6 15.
d5 f4 16. Bc1 e5 17. a4 Kh8 18. Ba3 g5 19. Rb1 Rf6 20. h3 h5 21. Nb3 g4 22. Qf2
Qg5 23. Kh1 Rg6 24. Rg1 Nf7 25. Nxc5 g3 26. Qd2 Nxc5 27. Bxc5 Bc8 28. Ba3 d6
29. Rge1 Qh4 30. Bf1 Ng5 31. Re2 Bxh3 32. gxh3 Nxf3 33. Qd3 g2+ 34. Bxg2 Rxg2
35. Qxf3 Rg3 0-1

[Event "BGC #21"]
[Site "Toronto CAN"]
[Date "2003.11.28"]
[Round "2"]
[White "Perovic, Bozidar"]
[Black "Veltmann, Martin"]
[Result "0-1"]
[WhiteElo "2045"]
[BlackElo "1980"]
[PlyCount "99"]
[EventDate "2003.11.28"]
[EventType "tourn"]
[EventRounds "7"]
[EventCountry "CAN"]

1. c4 e6 2. Nc3 d5 3. d4 Nf6 4. Nf3 Nbd7 5. Bf4 c6 6. e3 Nh5 7. Bg3 Nxg3 8.
hxg3 Bd6 9. Bd3 h6 10. Qc2 dxc4 11. Bxc4 Nb6 12. Be2 Nd5 13. g4 Bb4 14. g5 Qa5
15. Rc1 Qxa2 16. Kd2 Bd7 17. Ne5 Nxc3 18. bxc3 Qxc2+ 19. Kxc2 Bd6 20. Nc4 Bc7
21. gxh6 gxh6 22. Rh5 Ke7 23. Rch1 Rag8 24. g4 f6 25. Rxh6 Rxh6 26. Rxh6 Rg7
27. f4 b5 28. Nd2 Be8 29. Bf3 Bg6+ 30. Kb2 Kf7 31. Bxc6 Bd3 32. Bf3 Bb6 33. Rh5
Rg8 34. Kb3 Rc8 35. Ne4 Rd8 36. Rh7+ Kg6 37. Re7 Rh8 38. Nd6 Rh3 39. Bc6 Rxe3
40. Be8+ Kh6 41. Bxb5 Bxd4 42. Bxd3 Rxd3 43. Kc4 Rxc3+ 44. Kxd4 Rg3 45. Rxe6
Rxg4 46. Rxf6+ Kg7 47. Ke5 a5 48. Rf7+ Kg6 49. Ra7 Rg1 50. Rxa5 {time} 0-1

[Event "BGC #21"]
[Site "Toronto CAN"]
[Date "2003.12.03"]
[Round "3"]
[White "Millar, David"]
[Black "Veltmann, Martin"]
[Result "1/2-1/2"]
[WhiteElo "2024"]
[BlackElo "1980"]
[PlyCount "72"]
[EventDate "2003.11.28"]
[EventType "tourn"]
[EventRounds "7"]
[EventCountry "CAN"]

1. e4 c5 2. Nf3 d6 3. d4 cxd4 4. Nxd4 Nf6 5. Nc3 a6 6. f3 Nc6 7. Be3 e5 8. Nb3
Be6 9. Nd5 Be7 10. Bb6 Qc8 11. Nc7+ Kf8 12. Nxa8 Qxa8 13. Bd3 g6 14. Qd2 Kg7
15. O-O Nd7 16. Be3 Rd8 17. Bh6+ Kg8 18. f4 exf4 19. Qxf4 Qa7+ 20. Kh1 Nce5 21.
Rad1 Rc8 22. c3 f6 23. Nd4 Bxa2 24. Qg3 b5 25. Nf5 Nc5 26. Be3 Nexd3 27. Rxd3
Bc4 28. Rfd1 Bxd3 29. Rxd3 Qb7 30. Qg4 Nxd3 31. Nxe7+ Qxe7 32. Qxc8+ Kf7 33.
Qxa6 Qxe4 34. Qa7+ Qe7 35. Qa2+ Kg7 36. Qd5 Nxb2 1/2-1/2

[Event "BGC #21"]
[Site "Toronto CAN"]
[Date "2003.12.03"]
[Round "4"]
[White "Veltmann, Martin"]
[Black "Laughlin, Steve"]
[Result "1/2-1/2"]
[WhiteElo "1980"]
[BlackElo "2039"]
[PlyCount "41"]
[EventDate "2003.11.28"]
[EventType "tourn"]
[EventRounds "7"]
[EventCountry "CAN"]

1. c4 e5 2. Nc3 Nf6 3. Nf3 d6 4. g3 Nc6 5. Bg2 g6 6. O-O Bg7 7. d3 O-O 8. Rb1
a5 9. a3 Nh5 10. b4 axb4 11. axb4 f5 12. b5 Ne7 13. Bg5 Be6 14. Qc2 Nf6 15. Ra1
h6 16. Bxf6 Bxf6 17. Rxa8 Qxa8 18. Nd2 c6 19. Nb3 Qc8 20. Rc1 d5 21. bxc6
1/2-1/2

[Event "BGC #21"]
[Site "Toronto CAN"]
[Date "2003.12.16"]
[Round "5"]
[White "Lucki, Arnie"]
[Black "Veltmann, Martin"]
[Result "0-1"]
[WhiteElo "1902"]
[BlackElo "1980"]
[PlyCount "112"]
[EventDate "2003.11.28"]
[EventType "tourn"]
[EventRounds "7"]
[EventCountry "CAN"]

1. d4 Nf6 2. Nf3 e6 3. g3 b6 4. Bg2 Bb7 5. O-O Be7 6. b3 O-O 7. Bb2 d5 8. Nbd2
c5 9. e3 Nc6 10. Ne5 Nxe5 11. dxe5 Nd7 12. Qg4 Qc7 13. f4 Rae8 14. c4 f5 15.
Qh5 Rd8 16. cxd5 Bxd5 17. Bxd5 exd5 18. Nf3 b5 19. Rfd1 Nb6 20. Rac1 Qb7 21.
Ng5 Bxg5 22. Qxg5 c4 23. Ba3 h6 24. Qe7 Qa8 25. Qc5 d4 26. Rxd4 Qf3 27. Rxd8
Rxd8 28. Rf1 Qe2 29. Rf2 Qe1+ 30. Rf1 Qe2 31. Rf2 Qd1+ 32. Rf1 Qc2 33. Qe7 Rd2
34. Qe8+ Kh7 35. Qh5 Qe4 36. Qf3 Qxf3 37. Rxf3 Rxa2 38. e6 Kg6 39. bxc4 Rxa3
40. cxb5 Kf6 41. Rf1 Kxe6 42. Rc1 Nd5 43. Rc6+ Kf7 44. Rd6 Nxe3 45. b6 axb6 46.
Rxb6 Ra2 47. Rb3 Ng4 48. Rb7+ Kg6 49. Rb6+ Nf6 50. h3 Re2 51. Kf1 Rh2 52. h4
Rd2 53. Rb3 Ne4 54. Re3 Kh5 55. Ra3 Kg4 56. Ra6 Rd6 0-1

[Event "BGC #21"]
[Site "Toronto CAN"]
[Date "2003.12.23"]
[Round "6"]
[White "Lawless, David"]
[Black "Veltmann, Martin"]
[Result "1/2-1/2"]
[WhiteElo "1985"]
[BlackElo "1980"]
[PlyCount "95"]
[EventDate "2003.11.28"]
[EventType "tourn"]
[EventRounds "7"]
[EventCountry "CAN"]

1. d4 Nf6 2. c4 g6 3. Nc3 Bg7 4. e4 O-O 5. Nf3 d6 6. Be2 e5 7. O-O Nc6 8. d5
Ne7 9. b4 Nh5 10. Re1 f5 11. Bf1 Nf6 12. Ng5 Kh8 13. c5 h6 14. Ne6 Bxe6 15.
dxe6 dxc5 16. Qxd8 Raxd8 17. bxc5 c6 18. Rb1 fxe4 19. Rxb7 Rfe8 20. Rxa7 Ned5
21. Nxe4 Nxe4 22. Rxe4 Rxe6 23. Re1 e4 24. Rd1 Rb8 25. Bc4 Ree8 26. Rd7 Nc3 27.
Re1 Ra8 28. Be3 Nxa2 29. Bf7 Reb8 30. Bxg6 Nc3 31. Rd6 Ra6 32. Kf1 Rf8 33. Re6
Ra4 34. Re8 Nd5 35. Bc1 Ra2 36. Rxf8+ Bxf8 37. Be3 Nxe3+ 38. fxe3 Bxc5 39. Bxe4
Bd6 40. Bxc6 Bxh2 41. Re2 Rxe2 42. Kxe2 Be5 43. g4 Kg7 44. Kf3 Kf6 45. Ke4 Bb2
46. Bd7 Ba1 47. Kd5 Bb2 48. e4 1/2-1/2

[Event "BGC #21"]
[Site "Toronto CAN"]
[Date "2003.12.30"]
[Round "7"]
[White "Haziprodromu, Sam"]
[Black "Veltmann, Martin"]
[Result "0-1"]
[WhiteElo "1977"]
[BlackElo "1980"]
[PlyCount "48"]
[EventDate "2003.11.28"]
[EventType "tourn"]
[EventRounds "7"]
[EventCountry "CAN"]

1. e4 e6 2. Qe2 c5 3. Nf3 Nc6 4. c3 Nf6 5. g3 Be7 6. Bg2 O-O 7. O-O d5 8. d3 b6
9. Nbd2 Bb7 10. e5 Nd7 11. h4 Qc7 12. Re1 Rae8 13. Nf1 f6 14. d4 cxd4 15. Nxd4
Bc5 16. Nxe6 Rxe6 17. Bxd5 Ncxe5 18. Bxe6+ Kh8 19. Nd2 Qc6 20. Qe4 Qxe6 21.
Qxb7 Bxf2+ 22. Kxf2 Nd3+ 23. Kg2 Nxe1+ 24. Kf1 Nc2 0-1

[Event "Back To School op"]
[Site "Edmonton CAN"]
[Date "2003.09.04"]
[Round "1"]
[White "Wihnon, Jason"]
[Black "Schech, Roland"]
[Result "1-0"]
[WhiteElo "1807"]
[BlackElo "1471"]
[PlyCount "73"]
[EventDate "2003.??.??"]
[EventType "swiss"]
[EventRounds "4"]
[EventCountry "CAN"]
[SourceDate "2003.08.17"]

1. e4 e6 2. d3 d5 3. Nd2 Nf6 4. Ngf3 c5 5. g3 Nc6 6. Bg2 d4 7. O-O e5 8. Nc4
Bg4 9. a4 Be7 10. h3 Bxf3 11. Qxf3 Qc7 12. Qe2 O-O 13. f4 Nd7 14. f5 Na5 15.
Nd2 Rac8 16. b3 a6 17. Nf3 b5 18. axb5 axb5 19. Bd2 Ra8 20. g4 c4 21. bxc4 bxc4
22. g5 c3 23. Bc1 f6 24. h4 Nc6 25. Rxa8 Rxa8 26. gxf6 Bxf6 27. Ng5 Nf8 28. Qg4
Nb4 29. Ne6 Qa7 30. h5 Na2 31. Bg5 Kf7 32. Bxf6 Nxe6 33. fxe6+ Kg8 34. e7 Kf7
35. Qxg7+ Ke6 36. e8=Q+ Kd6 37. Bxe5+ 1-0

[Event "Back To School op"]
[Site "Edmonton CAN"]
[Date "2003.09.11"]
[Round "2"]
[White "Smith, Kevin"]
[Black "Wihnon, Jason"]
[Result "1/2-1/2"]
[WhiteElo "1640"]
[BlackElo "1807"]
[PlyCount "120"]
[EventDate "2003.??.??"]
[EventType "swiss"]
[EventRounds "4"]
[EventCountry "CAN"]
[SourceDate "2003.08.17"]

1. d4 Nf6 2. c4 g6 3. Nc3 d5 4. cxd5 Nxd5 5. e4 Nxc3 6. bxc3 Bg7 7. Nf3 c5 8.
Be2 cxd4 9. cxd4 Nc6 10. Be3 Qa5+ 11. Qd2 Qxd2+ 12. Kxd2 O-O 13. Rhd1 Rd8 14.
Ke1 Bg4 15. Rab1 Bxf3 16. Bxf3 Nxd4 17. Rxb7 Nc2+ 18. Ke2 Rxd1 19. Kxd1 Nxe3+
20. fxe3 e6 21. h3 Rd8+ 22. Ke2 a5 23. Rb3 Be5 24. Rd3 Rc8 25. Kd2 Kf8 26. Be2
Ke7 27. Rb3 Kf6 28. Bd3 Rc5 29. Ke2 Kg5 30. Rb5 Rxb5 31. Bxb5 Bc3 32. Bd7 Kf6
33. Kf3 Ke5 34. g4 Kd6 35. Bb5 Bd2 36. a4 g5 37. Ke2 Bc1 38. Kd3 Ke5 39. Bd7 h6
40. Bc8 f6 41. Bd7 Kd6 42. Bc8 e5 43. Bb7 Kc5 44. Bd5 Kb4 45. Bc6 Kb3 46. Bb5
Ba3 47. Bc6 Bb4 48. Bb5 Bc5 49. Bc6 Bb6 50. Bb5 Kb2 51. Bc6 Kc1 52. Ke2 Kc2 53.
Bb5 Kc3 54. Bc6 Bc5 55. Bb5 Ba3 56. Bc6 Bc1 57. Bb5 Kb4 58. Kd3 Kc5 59. Bd7 Kd6
60. Bc8 Ke7 1/2-1/2

[Event "Back To School op"]
[Site "Edmonton CAN"]
[Date "2003.09.18"]
[Round "3"]
[White "Beebe, Greg"]
[Black "Wihnon, Jason"]
[Result "1-0"]
[WhiteElo "1716"]
[BlackElo "1807"]
[PlyCount "67"]
[EventDate "2003.??.??"]
[EventType "swiss"]
[EventRounds "4"]
[EventCountry "CAN"]
[SourceDate "2003.08.17"]

1. c4 Nf6 2. Nc3 d5 3. cxd5 Nxd5 4. Nf3 Nxc3 5. bxc3 g6 6. e4 Bg7 7. d4 c5 8.
Rb1 Qa5 9. Qd2 cxd4 10. cxd4 Nc6 11. Qxa5 Nxa5 12. Bb5+ Bd7 13. Bd2 b6 14. Bxa5
bxa5 15. Bxd7+ Kxd7 16. Rb7+ Kc6 17. Rxe7 Rhe8 18. d5+ Kd6 19. Rxf7 Rxe4+ 20.
Kd2 Bh6+ 21. Kd3 Kxd5 22. Rd7+ Kc6 23. Rxh7 Ra4 24. Rxh6 Kd5 25. Rxg6 Ra3+ 26.
Kc2 Rxa2+ 27. Kb3 Rxf2 28. Rd1+ Ke4 29. Rg5 Rb8+ 30. Ka3 Rb4 31. Rd2 Rf1 32.
Rg4+ Kf5 33. Rxb4 Ra1+ 34. Kb2 1-0

[Event "Back To School op"]
[Site "Edmonton CAN"]
[Date "2003.09.18"]
[Round "3"]
[White "Hughey, Micah"]
[Black "Gagnon, Josh"]
[Result "1-0"]
[WhiteElo "2121"]
[BlackElo "1703"]
[PlyCount "34"]
[EventDate "2003.??.??"]
[EventType "swiss"]
[EventRounds "4"]
[EventCountry "CAN"]
[SourceDate "2003.08.17"]

1. Nf3 Nf6 2. d4 g6 3. Nbd2 d5 4. c4 dxc4 5. e3 c5 6. dxc5 c3 7. bxc3 Nc6 8.
Bc4 Bg7 9. O-O Na5 10. Qa4+ Bd7 11. Qb4 Nxc4 12. Nxc4 Bc6 13. Nd4 Qc7 14. Nxc6
Nd5 15. Nd6+ Kd7 16. Qg4+ Kxc6 17. Qa4+ b5 1-0

[Event "Back To School op"]
[Site "Edmonton CAN"]
[Date "2003.09.18"]
[Round "3"]
[White "Schech, Roland"]
[Black "White, Daniel"]
[Result "0-1"]
[WhiteElo "1471"]
[BlackElo "1531"]
[PlyCount "66"]
[EventDate "2003.??.??"]
[EventType "swiss"]
[EventRounds "4"]
[EventCountry "CAN"]
[SourceDate "2003.08.17"]

1. e4 g6 2. d4 Bg7 3. Nf3 c6 4. Bc4 Nf6 5. e5 Ne4 6. Ng5 Nxg5 7. Bxg5 d5 8.
exd6 Qxd6 9. Qf3 f6 10. c3 Be6 11. Bf4 Qd7 12. Bd3 Bd5 13. Qg3 Qe6+ 14. Be2 Bc4
15. Qe3 Qxe3 16. Bxe3 Bxe2 17. Kxe2 O-O 18. Nd2 Nd7 19. Nf3 a5 20. Rad1 Nb6 21.
b3 Nd5 22. Bd2 b5 23. Kd3 g5 24. c4 bxc4+ 25. bxc4 Nb4+ 26. Bxb4 axb4 27. Ra1
Ra3+ 28. Ke2 Rfa8 29. Rhd1 Rxa2+ 30. Rxa2 Rxa2+ 31. Ke3 Ra3+ 32. Ke4 e6 33. h3
f5# 0-1

[Event "Back To School op"]
[Site "Edmonton CAN"]
[Date "2003.09.25"]
[Round "4"]
[White "White, Daniel"]
[Black "Dean, Tim"]
[Result "0-1"]
[WhiteElo "1531"]
[BlackElo "1761"]
[PlyCount "74"]
[EventDate "2003.??.??"]
[EventType "swiss"]
[EventRounds "4"]
[EventCountry "CAN"]
[SourceDate "2003.08.17"]

1. Nf3 f5 2. c4 Nf6 3. Nc3 e6 4. d4 d5 5. Ne5 c6 6. e3 Bd6 7. cxd5 exd5 8. Nd3
O-O 9. Be2 Ne4 10. Nxe4 fxe4 11. Nc5 Qh4 12. g3 Qf6 13. Kd2 Bxc5 14. dxc5 d4
15. Bc4+ Kh8 16. Kc2 Qxf2+ 17. Kb1 d3 18. Bd2 Nd7 19. b4 Ne5 20. Bb3 Bg4 21.
Qe1 Rad8 22. Qc1 Nf3 23. Bc3 d2 24. Qb2 Rd7 25. a4 Qxe3 26. Ka2 Qd3 27. h3 Bh5
28. g4 Bf7 29. Bxg7+ Kg8 30. Bxf8 Bxb3+ 31. Qxb3+ Qxb3+ 32. Kxb3 Kxf8 33. Kc2
e3 34. Rhf1 e2 35. Rxf3+ Kg7 36. Rd3 Rxd3 37. Kxd3 d1=Q+ 0-1

[Event "Back To School op"]
[Site "Edmonton CAN"]
[Date "2003.09.25"]
[Round "4"]
[White "Wihnon, Jason"]
[Black "Scornaiencki, Carmen"]
[Result "1/2-1/2"]
[WhiteElo "1807"]
[BlackElo "1421"]
[PlyCount "145"]
[EventDate "2003.??.??"]
[EventType "swiss"]
[EventRounds "4"]
[EventCountry "CAN"]
[SourceDate "2003.08.17"]

1. e4 c5 2. Nf3 g6 3. Bc4 e6 4. d4 d5 5. exd5 exd5 6. Qe2+ Be6 7. Qe5 Qf6 8.
Bb5+ Nc6 9. Qxf6 Nxf6 10. Bg5 Ne4 11. Nc3 Nxg5 12. Nxg5 cxd4 13. Ne2 Bg7 14.
O-O Bf5 15. Rfe1 O-O 16. c3 dxc3 17. Nxc3 Nb4 18. Ba4 Bxc3 19. bxc3 Nc2 20.
Bxc2 Bxc2 21. Re7 b6 22. Rae1 Ba4 23. Rb1 Bc2 24. Rbe1 Ba4 25. Rc1 h6 26. Nf3
Rfe8 27. Rce1 Kf8 28. Rxe8+ Rxe8 29. Rxe8+ Kxe8 30. Nd4 Kd7 31. Kf1 Kd6 32. Ke2
Kc5 33. g4 a5 34. Nf3 f6 35. Nh4 Be8 36. f4 b5 37. Nf3 a4 38. Kd3 a3 39. Nd4
Bf7 40. Nb3+ Kd6 41. Kd4 Be6 42. g5 fxg5 43. fxg5 hxg5 44. Ke3 Bf5 45. Nd4 Bd7
46. Nc2 Kc5 47. Nxa3 Bf5 48. Kd2 b4 49. cxb4+ Kxb4 50. Nc2+ Bxc2 51. Kxc2 Kc4
52. a4 d4 53. a5 Kb5 54. Kd3 Kxa5 55. Kxd4 Kb6 56. Ke5 Kc6 57. Kf6 g4 58. Kxg6
Kd6 59. Kf6 Kd7 60. Kg5 Ke7 61. Kxg4 Kf7 62. Kh5 Kg7 63. h4 Kh7 64. Kg5 Kg7 65.
Kh5 Kh7 66. Kg4 Kh6 67. h5 Kh7 68. Kg5 Kg7 69. h6+ Kh7 70. Kh5 Kh8 71. Kg6 Kg8
72. h7+ Kh8 73. Kh6 1/2-1/2

[Event "Battle of Alberta"]
[Site "Red Deer CAN"]
[Date "2003.08.??"]
[Round "?"]
[White "Boik, Andrew"]
[Black "Hinds, Ronald"]
[Result "1/2-1/2"]
[WhiteElo "1893"]
[BlackElo "1980"]
[PlyCount "99"]
[EventDate "2003.08.16"]
[EventType "team"]
[EventCountry "CAN"]
[SourceDate "2003.08.17"]

1. e4 c5 2. Nf3 e6 3. d4 cxd4 4. Nxd4 Nf6 5. Nc3 d6 6. g4 h6 7. h4 Nc6 8. Be3
a6 9. Rg1 Nxd4 10. Qxd4 e5 11. Qd1 Qa5 12. f3 Be6 13. g5 hxg5 14. hxg5 Nh5 15.
Qd2 g6 16. a3 Be7 17. O-O-O Rc8 18. Nd5 Qxd2+ 19. Rxd2 Bxd5 20. Rxd5 Rc6 21.
Rh1 O-O 22. Bh3 Ng3 23. Rh2 Kg7 24. Bg2 Rfc8 25. c3 Ne2+ 26. Kd2 Nf4 27. Bxf4
exf4 28. Bh3 Rh8 29. Rh1 Rh5 30. Bg2 Rxg5 31. Rxg5 Bxg5 32. Bh3 Bf6 33. Bd7 Rc5
34. Bg4 d5 35. exd5 Rxd5+ 36. Kc2 b6 37. Rd1 Rxd1 38. Kxd1 Be5 39. Bc8 a5 40.
Ke2 f5 41. Kd3 Kf6 42. Kc4 Bd6 43. Kd5 Bc5 44. b4 axb4 45. axb4 Be3 46. c4 Bd2
47. c5 bxc5 48. bxc5 Ba5 49. c6 Bc7 50. Bd7 1/2-1/2

[Event "Battle of Alberta"]
[Site "Red Deer CAN"]
[Date "2003.08.16"]
[Round "?"]
[White "Huber, Greg"]
[Black "Reeve, Jeff"]
[Result "1/2-1/2"]
[WhiteElo "2280"]
[BlackElo "2378"]
[PlyCount "97"]
[EventDate "2003.08.16"]
[EventType "team"]
[EventCountry "CAN"]

1. e4 c5 2. Nf3 d6 3. d4 cxd4 4. Nxd4 Nf6 5. Nc3 g6 6. Be3 Bg7 7. f3 O-O 8. Qd2
Nc6 9. Bc4 Bd7 10. O-O-O Rc8 11. Bb3 Nxd4 12. Bxd4 b5 13. Bxa7 b4 14. Nd5 Nxd5
15. exd5 Qa5 16. Bd4 Ba4 17. Qe3 Bxb3 18. Qxb3 Rc7 19. Bxg7 Kxg7 20. Rd4 Rfc8
21. Rhd1 Qc5 22. R1d2 Qb5 23. Rd1 Qc5 24. R4d2 Ra8 25. Kb1 Rca7 26. Rd4 Rxa2
27. Qxa2 Rxa2 28. Kxa2 Qxc2 29. R1d2 Qa4+ 30. Kb1 e5 31. Rc4 Qb3 32. Rc6 Qe3
33. Kc1 f5 34. h3 e4 35. fxe4 fxe4 36. Rc4 b3 37. Rc3 Qf4 38. g3 Qf1+ 39. Rd1
Qb5 40. g4 g5 41. Rd4 e3 42. Rdd3 Qa5 43. Rxe3 Qa1+ 44. Kd2 Qxb2+ 45. Ke1 Qa1+
46. Kf2 b2 47. Rc7+ Kf8 48. Rc8+ Kf7 49. Rc7+ 1/2-1/2

[Event "Battle of Alberta"]
[Site "Red Deer CAN"]
[Date "2003.08.16"]
[Round "1"]
[White "Demers, Chris"]
[Black "Li, Zhichao"]
[Result "1-0"]
[WhiteElo "2250"]
[BlackElo "2302"]
[PlyCount "117"]
[EventDate "2003.08.16"]
[EventType "team"]
[EventCountry "CAN"]

1. e4 c6 2. d4 d5 3. e5 Bf5 4. Nf3 e6 5. Be2 Ne7 6. Be3 c5 7. dxc5 Nec6 8. c4
Qa5+ 9. Qd2 dxc4 10. Bxc4 Qxd2+ 11. Nbxd2 Nd7 12. Bb5 Bxc5 13. Bxc6 bxc6 14.
Bxc5 Nxc5 15. O-O Nd3 16. Nd4 Nxb2 17. Nxc6 Kd7 18. Nd4 Rhc8 19. Nxf5 exf5 20.
f4 Rab8 21. Nb3 Ke7 22. g3 g6 23. Rf2 Nd3 24. Rd2 Nc5 25. Nxc5 Rxc5 26. Rad1
Rb7 27. Kf2 h5 28. Ke3 Rc3+ 29. Rd3 Rc4 30. Rd4 Rc8 31. R1d3 h4 32. gxh4 Rh8
33. Kf3 Rxh4 34. Kg3 Rg4+ 35. Kf3 Rg1 36. Ra4 Rf1+ 37. Kg3 Rc1 38. Rda3 Rcc7
39. Ra6 Kf8 40. h4 Kg7 41. h5 gxh5 42. Kh4 Rb2 43. Rg3+ Kf8 44. Kxh5 Rf2 45.
Kg5 Rc4 46. Rxa7 Rfxf4 47. e6 Rce4 48. Rxf7+ Ke8 49. Kf6 Rg4 50. Rb3 Rb4 51.
Rb7 Rxb3 52. Rxb3 Kd8 53. e7+ Kd7 54. Rd3+ Kc7 55. e8=Q Re4 56. Qd8+ Kb7 57.
Rb3+ Kc6 58. Qc8+ Kd5 59. Rd3+ 1-0

[Event "Battle of Alberta"]
[Site "Red Deer CAN"]
[Date "2003.08.16"]
[Round "1"]
[White "Hinds, Ronald"]
[Black "Boik, Andrew"]
[Result "0-1"]
[WhiteElo "1980"]
[BlackElo "1893"]
[PlyCount "67"]
[EventDate "2003.08.16"]
[EventType "team"]
[EventCountry "CAN"]
[SourceDate "2003.08.17"]

1. e4 c5 2. Nf3 d6 3. d4 cxd4 4. Nxd4 Nf6 5. Nc3 a6 6. Bg5 e6 7. f4 Be7 8. Qf3
Qc7 9. Bd3 Nbd7 10. O-O-O b5 11. Rhe1 Bb7 12. Nd5 exd5 13. Nf5 Bf8 14. e5 dxe5
15. fxe5 Ne4 16. Nd6+ Bxd6 17. exd6 Qc6 18. Be7 f6 19. Qh5+ g6 20. Qh6 Kf7 21.
Rf1 Nxd6 22. Bxd6 Qxd6 23. g4 Qf8 24. Qf4 Rc8 25. g5 f5 26. Bxf5 gxf5 27. Qxf5+
Ke8 28. Rde1+ Kd8 29. Qe6 Qc5 30. c3 d4 31. Rf5 Qc6 32. Qe7+ Kc7 33. Rf6 Qc5
34. Rd6 0-1

[Event "Battle of Alberta"]
[Site "Red Deer CAN"]
[Date "2003.08.16"]
[Round "1"]
[White "Karmali, Hafiz"]
[Black "Duval, Kirk"]
[Result "1-0"]
[WhiteElo "2030"]
[BlackElo "2031"]
[PlyCount "97"]
[EventDate "2003.08.16"]
[EventType "team"]
[EventCountry "CAN"]

1. d4 Nf6 2. c4 g6 3. Nc3 Bg7 4. e4 d6 5. f4 O-O 6. Nf3 c5 7. d5 e6 8. Be2 exd5
9. exd5 Bg4 10. O-O Re8 11. Bd3 Nbd7 12. h3 Bxf3 13. Qxf3 Nh5 14. Bd2 a6 15. a4
Bd4+ 16. Kh1 f5 17. g4 fxg4 18. hxg4 Qh4+ 19. Kg2 Nhf6 20. Be2 h5 21. gxh5 Nxh5
22. Rh1 Qf6 23. Ne4 Qe7 24. Bd3 Nhf6 25. Ng5 Nf8 26. Rh6 Nh5 27. Rxg6+ Nxg6 28.
Qxh5 Nf8 29. Re1 Qd7 30. Bg6 Nxg6 31. Qxg6+ Bg7 32. Qh7+ Kf8 33. Ne6+ Rxe6 34.
Rxe6 Qf7 35. f5 Qg8 36. Qg6 Qf7 37. Rxd6 Qxg6+ 38. Rxg6 Bxb2 39. Rb6 Bd4 40.
Rxb7 Re8 41. Kf3 Re5 42. Kg4 Re2 43. Bh6+ Ke8 44. d6 Bf6 45. d7+ Kd8 46. Rb6
Re4+ 47. Kf3 Rxc4 48. Rxf6 Rxa4 49. Rd6 1-0

[Event "Battle of Alberta"]
[Site "Red Deer CAN"]
[Date "2003.08.16"]
[Round "1"]
[White "Reeve, Jeff"]
[Black "Huber, Greg"]
[Result "1-0"]
[WhiteElo "2378"]
[BlackElo "2280"]
[PlyCount "61"]
[EventDate "2003.08.16"]
[EventType "team"]
[EventCountry "CAN"]

1. e4 c5 2. Nf3 e6 3. c3 Nf6 4. e5 Nd5 5. d4 cxd4 6. cxd4 d6 7. Bc4 Nc6 8. O-O
Be7 9. a3 O-O 10. Re1 a6 11. Bd3 Qc7 12. Qe2 Bd7 13. h4 Rac8 14. Bd2 f5 15.
exf6 Nxf6 16. Nc3 d5 17. Rad1 Ng4 18. g3 Nxf2 19. Qxf2 Nxd4 20. Bf4 Nxf3+ 21.
Qxf3 Qb6+ 22. Kh1 Qxb2 23. Qh5 Rxf4 24. Qxh7+ Kf8 25. Qh8+ Kf7 26. Qh5+ Kf8 27.
Bg6 Bf6 28. Qh8+ Ke7 29. Nxd5+ Kd6 30. Nxf4+ Kc7 31. Qh5 1-0

[Event "Battle of Alberta"]
[Site "Red Deer CAN"]
[Date "2003.08.16"]
[Round "2"]
[White "Duval, Kirk"]
[Black "Karmali, Hafiz"]
[Result "1-0"]
[WhiteElo "2031"]
[BlackElo "2030"]
[PlyCount "119"]
[EventDate "2003.08.16"]
[EventType "team"]
[EventCountry "CAN"]

1. d4 d5 2. c4 c6 3. Nf3 g6 4. cxd5 cxd5 5. Nc3 Nf6 6. Bg5 Bg7 7. Qb3 e6 8. Rc1
O-O 9. e3 h6 10. Bh4 Nc6 11. Ne5 g5 12. Nxc6 bxc6 13. Bg3 Nh5 14. Be2 Nxg3 15.
hxg3 Bd7 16. Qa3 Re8 17. f4 Bf8 18. Qa6 Qb6 19. Rc2 c5 20. dxc5 Qxc5 21. Qd3
Qe7 22. Rh5 f6 23. a3 Rec8 24. Bf3 Qh7 25. f5 Rab8 26. g4 Kh8 27. e4 exf5 28.
exf5 Re8+ 29. Kd1 Qe7 30. Rh1 d4 31. Nd5 Qe5 32. Re2 Bb5 33. Rxe5 Bxd3 34. Rxe8
Rxe8 35. Kd2 Bc4 36. Nxf6 Rb8 37. b4 Bg7 38. Ne4 Rb6 39. Nxg5 Kg8 40. Ne4 Be5
41. g3 Bd5 42. Nf6+ Rxf6 43. Bxd5+ Kg7 44. Re1 Bxg3 45. Re7+ Kf8 46. Rxa7 h5
47. Bf3 hxg4 48. Bxg4 Rh6 49. Kd3 Rh4 50. Bf3 Bf2 51. Rd7 Ke8 52. Bc6 Kf8 53.
a4 Rh3+ 54. Ke4 Rh4+ 55. Kf3 Be1 56. b5 d3 57. Rxd3 Rxa4 58. b6 Rb4 59. b7 Kf7
60. Rd8 1-0

[Event "Battle of Alberta"]
[Site "Red Deer CAN"]
[Date "2003.08.16"]
[Round "2"]
[White "Li, Zhichao"]
[Black "Demers, Chris"]
[Result "1-0"]
[WhiteElo "2302"]
[BlackElo "2250"]
[PlyCount "49"]
[EventDate "2003.08.16"]
[EventType "team"]
[EventCountry "CAN"]

1. e4 e6 2. d4 d5 3. exd5 exd5 4. Bd3 g6 5. Nf3 Bg7 6. O-O Ne7 7. Bf4 O-O 8.
Qd2 Nd7 9. Bh6 Nf6 10. Bxg7 Kxg7 11. Nc3 Bf5 12. Rae1 Bxd3 13. Qxd3 Nf5 14. Re5
c6 15. Rfe1 Nd6 16. Ng5 h6 17. Nh3 Nc4 18. R5e2 Nxb2 19. Qg3 Nc4 20. Nf4 Qd6
21. Re7 Rfe8 22. Qxg6+ Kh8 23. Qxf7 Rg8 24. Ng6+ Rxg6 25. Qxg6 1-0

[Event "Bayview Games Club #12"]
[Site "Toronto CAN"]
[Date "2003.08.25"]
[Round "1"]
[White "Cohen, David"]
[Black "Mills, Morgon"]
[Result "0-1"]
[WhiteElo "1892"]
[BlackElo "1935"]
[PlyCount "62"]
[EventDate "2003.08.25"]
[EventType "tourn"]
[EventRounds "5"]
[EventCountry "CAN"]

1. e4 c6 2. d4 d5 3. Nc3 dxe4 4. Nxe4 Bf5 5. Ng3 Bg6 6. Nf3 Nd7 7. Bd3 Bxd3 8.
Qxd3 Ngf6 9. O-O e6 10. Bg5 Be7 11. Rfe1 O-O 12. c4 Qb6 13. b3 Rfd8 14. Rad1 a5
15. c5 Qc7 16. Qc2 b5 17. cxb6 Qxb6 18. Ne5 Bb4 19. Re3 Nxe5 20. dxe5 Rxd1+ 21.
Qxd1 Nd5 22. Rd3 a4 23. Ne4 axb3 24. Qxb3 Qb5 25. Rg3 Qe2 26. h4 Qxe4 27. Bh6
Bf8 28. Qd1 g6 29. Bxf8 Kxf8 30. Qb3 Qxe5 31. Rf3 Rb8 0-1